Les sites internet les plus utilisé dans le monde - Statistiques

Statistiques générales
  • Ce quiz a été pris 275 fois
  • Le résultat moyen est 7 sur 15
Statistiques - réponses
Nombre d’utilisations Site % Correct
131 203 282 020 Google
96%
6 500 283 286 Instagram
77%
71 426 453 827 Youtube
74%
12 969 177 779 Facebook
73%
4 347 832 231 X
66%
5 392 112 328 Pornhub
59%
3 230 753 511 Amazon
55%
6 928 572 568 Wikipedia
43%
3 455 466 435 Yahoo
33%
3 827 182 416 Whatsapp
20%
3 098 996 168 Chatgpt
18%
4 773 894 057 Bing
15%
3 622 007 652 Xvideos
13%
5 837 443 484 Reddit
9%
3 292 884 910 Taboola
1%
Aucun quiz correspondant
Distribution des résultats
% des personnes avec chaque résultat
Percentile par nombre de réponses
Votre historique - résultats
Vous n’avez pas pris ce quiz